000 00635nam a22001817a 4500
999 _c61221
_d61221
005 20240109114547.0
008 240109s2003 enk||||| |||| 00| 0 eng d
020 _a9780192800053
041 _aeng
080 _a902/904(031) D-20
100 _aDarvill, Timothy
_920971
245 _aConcise Oxford Dictionary of Archaeology /
_cTimothy Darvill.
264 _aOxford :
_bOxford University Press,
_c2003.
300 _a506 p.:
_b20 cm.
653 _aარქეოლოგიის მოკლე ოქსფორდის ლექსიკონი
653 _aარქეოლოგია
942 _2udc
_cᲬᲘᲒᲜᲘ